Biggest Regions in Europe by Population - Statistics

General Stats
  • This quiz has been taken 393 times
  • The average score is 13 of 24
Answer Stats
Population Region % Correct
12.54 mil Bavaria
86%
8.90 mil Greater London
82%
7.57 mil Catalonia
80%
12.63 mil Moscow
75%
7.60 mil Moscow Oblast
75%
6.50 mil Madrid
73%
12.12 mil Île-de-France
71%
10.04 mil Lombardy
68%
8.45 mil Andalusia
61%
17.84 mil North Rhine-Westphalia
58%
5.89 mil Lazio
57%
5.38 mil St. Petersburg
56%
10.76 mil Baden-Württemberg
54%
5.03 mil Sicily
49%
7.91 mil Lower Saxony
47%
5.13 mil Valencia
46%
6.07 mil Hesse
41%
5.83 mil Campania
37%
5.94 mil Nouvelle-Aquitaine
33%
5.81 mil Occitanie
33%
7.92 mil Auvergne-Rhône-Alpes
32%
6.01 mil Hauts-de-France
30%
5.39 mil Mazovia
16%
5.65 mil Krasnodar
5%
No matching quizzes found
Score Distribution
Percent of People with Each Score
Percentile by Number Answered
Your Score History
You have not taken this quiz